| 000 | 00448cam a2200181ua 4500 | ||
|---|---|---|---|
| 020 | _c26.00 | ||
| 041 |
_aeng _h |
||
| 082 |
_a339.46 _bCHA/IN |
||
| 100 | _aCharan , Singh . | ||
| 245 |
_aIndia`s poverty and its solution / _cCharan singh. _hTextual Documents |
||
| 250 |
_a2 / _b. |
||
| 260 |
_aMumbai : _bAsia Publishing House , _c1965. |
||
| 300 | _a527 ; . | ||
| 365 | _a26.00 | ||
| 504 | _a | ||
| 942 | _cBK | ||
| 999 |
_c12334 _d12334 |
||